| 000 | 00776cam a22002531 4500 | ||
|---|---|---|---|
| 001 | 000011286 | ||
| 005 | 20200929162417.0 | ||
| 008 | 730410s1964 nyuac b 000 0 eng | ||
| 010 | _a64020219 | ||
| 040 |
_aDO-SdBNP _cDLC _dDLC |
||
| 050 | 0 | 0 |
_aQP38 _b.N88 |
| 100 | 1 |
_aNourse, Alan Edward. _926875 |
|
| 245 | 1 | 4 |
_aThe body, / _cby Alan E. Nourse and the editors of Life. |
| 260 |
_aNew York, : _bTime, inc., _c[1964]. |
||
| 300 |
_a200 p. : _billus. (part col.), ports. (part col.) ; _c28 cm. |
||
| 440 | 0 |
_aLife science library _925802 |
|
| 504 | _aBibliography: p. 196. | ||
| 650 | 0 |
_aHuman physiology. _926876 |
|
| 650 | 0 |
_aHuman anatomy. _926877 |
|
| 730 | 0 |
_aLife (Chicago, Ill.) _926215 |
|
| 910 | _aCatalogación por copia / LC | ||
| 910 | _aDC | ||
| 082 | 0 | 0 | _a612 |
| 999 |
_c11000 _d11000 |
||